000 00835cam a2200277 a 4500
001 13428832
005 20180216051332.0
008 031208s2005 caua b 001 0 eng
010 _a 2003116261
020 _a0534551920 (student ed.)
020 _a0534551971 (annotated instructor's ed.)
020 _a0534274943 (Infotrac college ed.)
035 _a(DLC) 2003116261
040 _aDLC
_cDLC
_dDLC
041 _aeng
042 _apcc
080 _a808.51 SEL
082 0 0 _a808.51 SEL
_222
100 1 _a47
101 _aEDU
245 1 0 _aConfident public speaking /
_cDeanna D. Sellnow.
504 _aIncludes bibliographical references and index.
906 _a7
_bcbc
_corignew
_d3
_eepcn
_f20
_gy-gencatlg
942 _2ddc
_cBK
999 _c42779
_d42779